Structural and Stress Analysis : (Record no. 11430)
[ view plain ]
| 000 -LEADER | |
|---|---|
| fixed length control field | 01069cam a22002778a 4500 |
| 001 - CONTROL NUMBER | |
| control field | 14939779 |
| 005 - DATE AND TIME OF LATEST TRANSACTION | |
| control field | 20070731114151.0 |
| 008 - FIXED-LENGTH DATA ELEMENTS--GENERAL INFORMATION | |
| fixed length control field | 070724s2008 nyu b 001 0 eng |
| 010 ## - LIBRARY OF CONGRESS CONTROL NUMBER | |
| LC control number | 2007030738 |
| 020 ## - INTERNATIONAL STANDARD BOOK NUMBER | |
| International Standard Book Number | 9780415368650 (hardback : alk. paper) |
| 020 ## - INTERNATIONAL STANDARD BOOK NUMBER | |
| International Standard Book Number | 9780415368797 (papeback : alk. paper) |
| 020 ## - INTERNATIONAL STANDARD BOOK NUMBER | |
| International Standard Book Number | 9780203029008 (ebook) |
| 040 ## - CATALOGING SOURCE | |
| Original cataloging agency | DLC |
| Transcribing agency | DLC |
| 050 00 - LIBRARY OF CONGRESS CALL NUMBER | |
| Classification number | TA645 |
| Item number | .Y43 2008 |
| 082 00 - DEWEY DECIMAL CLASSIFICATION NUMBER | |
| Classification number | 624.171 |
| Edition number | 22 |
| Item number | YES |
| 100 1# - MAIN ENTRY--PERSONAL NAME | |
| Personal name | Ye, Jianqiao, |
| Dates associated with a name | 1957- |
| 9 (RLIN) | 4276 |
| 245 10 - TITLE STATEMENT | |
| Title | Structural and Stress Analysis : |
| Remainder of title | Theories, Tutorials and Examples / |
| Statement of responsibility, etc | Jianqiao Ye. |
| 260 ## - PUBLICATION, DISTRIBUTION, ETC. (IMPRINT) | |
| Place of publication, distribution, etc | New York, NY : |
| Name of publisher, distributor, etc | Taylor & Francis, |
| Date of publication, distribution, etc | c.2008. |
| 263 ## - PROJECTED PUBLICATION DATE | |
| Projected publication date | 0802 |
| 300 ## - PHYSICAL DESCRIPTION | |
| Extent | 217p. : |
| Other physical details | ill. ; |
| Dimensions | 22 cm. |
| 500 ## - GENERAL NOTE | |
| General note | Includes Index. |
| 650 #0 - SUBJECT ADDED ENTRY--TOPICAL TERM | |
| Topical term or geographic name as entry element | Structural analysis (Engineering) |
| 9 (RLIN) | 4277 |
| 942 ## - ADDED ENTRY ELEMENTS (KOHA) | |
| Source of classification or shelving scheme | Dewey Decimal Classification |
| Item type | Book - Borrowing |
| Withdrawn status | Item status | Source of classification or shelving scheme | Damaged status | Not for loan | Vendor | Home library | Current library | Shelving location | Date acquired | Source of acquisition | Cost, normal purchase price | Serial Enumeration / chronology | Total Checkouts | Total Renewals | Full call number | Barcode | Date last seen | Date last borrowed | Koha item type |
|---|---|---|---|---|---|---|---|---|---|---|---|---|---|---|---|---|---|---|---|
| Dewey Decimal Classification | Alahram | Central Library | Central Library | First floor | 26/04/2009 | 324.00 | 371 | 6 | 19 | 624.171 YES | 000015960 | 15/07/2025 | 18/05/2017 | Book - Borrowing |